[Event "Olympiad-45"]
[Site "Budapest"]
[Date "2024.09.13"]
[Round "3.63"]
[White "Gengler, Pierre"]
[Black "Mutuge, Ian"]
[Result "1/2-1/2"]
[WhiteElo "2097"]
[BlackElo "1938"]
[PlyCount "187"]
[EventDate "2024.09.11"]
[EventType "team-swiss"]
[EventRounds "11"]
[EventCountry "HUN"]
[SourceTitle "EXT 2025"]
[Source "ChessBase"]
[SourceDate "2024.10.14"]
[SourceVersion "1"]
[SourceVersionDate "2024.10.14"]
[SourceQuality "1"]
[WhiteTeam "Luxembourg"]
[BlackTeam "Kenya"]
[WhiteTeamCountry "LUX"]
[BlackTeamCountry "KEN"]

1. g3 d5 2. Bg2 c6 3. Nf3 Nf6 4. 0-0 g6 5. b3 Bg7 6. Bb2 0-0 7. d4 Bf5 8. Nh4 Be6 9. Nd2 Qd7 10. Re1 Bh3 11. Bh1 Re8 12. Ndf3 Qd8 13. Ng2 Nbd7 14. Nf4 Bg4 15. Ne5 Bf5 16. f3 Qb6 17. e3 h5 18. c4 Rad8 19. c5 Qc7 20. Ned3 Nf8 21. Ne2 N6d7 22. f4 Bxd3 23. Qxd3 e6 24. h3 Nxc5 25. Qc2 Na6 26. g4 hxg4 27. hxg4 Qe7 28. Bf3 c5 29. Ba3 Nb4 30. Bxb4 cxb4 31. Rac1 Qd7 32. Qd2 a5 33. Rc5 b6 34. Rc2 Rc8 35. Rec1 Rxc2 36. Qxc2 Rb8 37. Ng3 Qd6 38. g5 Nd7 39. Be2 b5 40. Qc7 Qxc7 41. Rxc7 Nb6 42. Bxb5 Na8 43. Ra7 Rxb5 44. Rxa8+ Bf8 45. Kf1 Kg7 46. Ke1 Bd6 47. Ra6 Bc7 48. Ne2 Kf8 49. Nc1 Ke7 50. Nd3 Bd6 51. Ra7+ Ke8 52. Kd2 Kf8 53. Nb2 Ke8 54. Na4 Kf8 55. Ra6 Ke7 56. Kd3 Kd7 57. Ra7+ Ke8 58. Nb2 Kf8 59. Nd1 Bb8 60. Ra6 Ke7 61. Rc6 Kd7 62. Rc2 Bd6 63. Nf2 Rb7 64. Ng4 Rc7 65. Nf6+ Ke7 66. Rh2 Rc3+ 67. Kd2 Rc8 68. Rh7 Ra8 69. Ng4 Rc8 70. Nh6 Rf8 71. Ke2 Bc7 72. Kf3 Bd6 73. e4 dxe4+ 74. Kxe4 Bb8 75. Rg7 Bc7 76. Ng8+ Kd8 77. Nf6 Ke7 78. d5 Rh8 79. dxe6 Kxe6 80. Rg8 Rxg8 81. Nxg8 Bd8 82. Nh6 Bc7 83. Ng4 Bd8 84. Ne5 Bc7 85. Nc4 Bd8 86. Nb2 Bb6 87. Nc4 Bc7 88. a3 bxa3 89. Nxa3 Bd8 90. Nb5 Bb6 91. Nc3 Bc7 92. Ne2 Bb6 93. Ng3 Bd8 94. Ne2 1/2-1/2

[Event "EU-Cup 37th"]
[Site "Mayrhofen"]
[Date "2022.10.03"]
[Round "1.11"]
[White "Gengler, Pierre"]
[Black "Prohaszka, Peter"]
[Result "0-1"]
[WhiteElo "2151"]
[BlackElo "2570"]
[PlyCount "84"]
[EventDate "2022.10.03"]
[EventType "team-swiss"]
[EventRounds "7"]
[EventCountry "AUT"]
[SourceTitle "CBM 210 Extra"]
[Source "ChessBase"]
[SourceDate "2022.11.30"]
[SourceVersion "1"]
[SourceVersionDate "2022.11.30"]
[SourceQuality "1"]
[WhiteTeam "Differdange Le Cavalier"]
[BlackTeam "Ajka BSK"]
[WhiteTeamCountry "LUX"]
[BlackTeamCountry "HUN"]

1. g3 d5 2. Bg2 e5 3. d3 Bd6 4. Nd2 Nf6 5. e4 c6 6. Ngf3 0-0 7. 0-0 Re8 8. Re1 Nbd7 9. Nf1 a5 10. Bg5 h6 11. Bd2 dxe4 12. dxe4 Nc5 13. Nh4 Bf8 14. a3 Bg4 15. Bf3 Bh3 16. Bg2 Bxg2 17. Kxg2 Ncxe4 18. Nf3 Nxd2 19. N3xd2 Qd5+ 20. Nf3 e4 21. Qxd5 Nxd5 22. N3d2 f5 23. g4 Nf4+ 24. Kh1 fxg4 25. Nxe4 Re5 26. Neg3 Rae8 27. Rxe5 Rxe5 28. Rd1 Bc5 29. Rd8+ Kh7 30. Rd7 Bxf2 31. Rf7 Bxg3 32. hxg3 Nh3 33. b4 axb4 34. axb4 b5 35. Nh2 h5 36. Rf1 Re2 37. Rc1 Nf2+ 38. Kg1 Ne4 39. Nf1 Ng5 40. Nh2 Nf3+ 41. Nxf3 gxf3 42. c4 f2+ 0-1

[Event "EU Small Countries ol 6th"]
[Site "San Marino"]
[Date "2019.03.30"]
[Round "9.1"]
[White "Gengler, Pierre"]
[Black "Wojciechowski, Paul"]
[Result "1-0"]
[WhiteElo "2154"]
[BlackElo "1912"]
[PlyCount "67"]
[EventDate "2019.03.24"]
[EventType "team-tourn"]
[EventRounds "9"]
[EventCountry "SMR"]
[SourceTitle "CBM 189 Extra"]
[Source "ChessBase"]
[SourceDate "2019.05.31"]
[SourceVersion "1"]
[SourceVersionDate "2019.05.31"]
[SourceQuality "1"]
[WhiteTeam "Luxembourg"]
[BlackTeam "Jersey"]
[WhiteTeamCountry "LUX"]
[BlackTeamCountry "GCI"]

1. g3 e5 2. Bg2 d5 3. c4 Nf6 4. cxd5 Nxd5 5. Nc3 Nxc3 6. bxc3 Bd6 7. Nf3 Nd7 8. 0-0 0-0 9. d4 c5 10. Ba3 Qc7 11. Rc1 Rb8 12. Qd2 c4 13. Bxd6 Qxd6 14. Rfd1 Qe7 15. Qe3 b5 16. dxe5 a5 17. Rd6 f6 18. Rcd1 Nxe5 19. Nxe5 Qxe5 20. Qa7 Bf5 21. R6d5 Qxe2 22. Bf1 Qg4 23. R1d4 Qg6 24. Qxa5 h6 25. Rxb5 Bd3 26. Rxb8 Rxb8 27. Qd5+ Kh8 28. Bxd3 cxd3 29. Rxd3 Rb1+ 30. Rd1 Rxd1+ 31. Qxd1 Qf7 32. Qd8+ Kh7 33. Qd3+ g6 34. c4 1-0

[Event "EU Small Countries ol 6th"]
[Site "San Marino"]
[Date "2019.03.27"]
[Round "6.4"]
[White "Michaelides, Konstantinos"]
[Black "Gengler, Pierre"]
[Result "0-1"]
[WhiteElo "2180"]
[BlackElo "2154"]
[PlyCount "124"]
[EventDate "2019.03.24"]
[EventType "team-tourn"]
[EventRounds "9"]
[EventCountry "SMR"]
[SourceTitle "CBM 189 Extra"]
[Source "ChessBase"]
[SourceDate "2019.05.31"]
[SourceVersion "1"]
[SourceVersionDate "2019.05.31"]
[SourceQuality "1"]
[WhiteTeam "Cyprus"]
[BlackTeam "Luxembourg"]
[WhiteTeamCountry "CYP"]
[BlackTeamCountry "LUX"]

1. e4 c5 2. Nf3 Nc6 3. Bb5 g6 4. 0-0 Bg7 5. c3 Nf6 6. Re1 0-0 7. h3 a6 8. Bxc6 bxc6 9. d4 cxd4 10. cxd4 d6 11. Nc3 Rb8 12. b3 c5 13. Be3 Bb7 14. d5 Nd7 15. Rc1 Nb6 16. Nd2 f5 17. f3 f4 18. Bf2 a5 19. Qe2 Nd7 20. Ncb1 Ne5 21. Na3 a4 22. Ndc4 Ba6 23. Qc2 Nxc4 24. Nxc4 Bxc4 25. bxc4 a3 26. Rb1 Qa5 27. Rb3 Rxb3 28. Qxb3 Qb4 29. Qd3 Rb8 30. Kh2 Qc3 31. Qd1 h6 32. Qa4 g5 33. h4 Bf6 34. h5 Qb2 35. Bg1 g4 36. Qd7 g3+ 37. Kh3 Qe5 38. Qg4+ Kf8 39. Rd1 Qg5 40. Rd3 Rb1 41. Qxg5 hxg5 42. Bxc5 dxc5 43. Rxa3 Rg1 44. Rd3 Be5 45. Rb3 Kf7 46. Rb6 Bd6 47. Kg4 Rxg2 48. Kf5 Rh2 49. Rb1 Rxh5 50. e5 g4+ 51. Kxf4 Rxe5 52. Kxg4 Re2 53. f4 g2 54. a4 Ra2 55. Rg1 Rxa4 56. Rxg2 Rxc4 57. Kg5 Rxf4 58. Ra2 Rd4 59. Rf2+ Ke8 60. Rf5 c4 61. Kg6 c3 62. Rf3 Rc4 0-1

[Event "EU Small Countries ol 6th"]
[Site "San Marino"]
[Date "2019.03.26"]
[Round "4.3"]
[White "Ribbegren, Karl Johan"]
[Black "Gengler, Pierre"]
[Result "0-1"]
[WhiteElo "2248"]
[BlackElo "2154"]
[PlyCount "100"]
[EventDate "2019.03.24"]
[EventType "team-tourn"]
[EventRounds "9"]
[EventCountry "SMR"]
[SourceTitle "CBM 189 Extra"]
[Source "ChessBase"]
[SourceDate "2019.05.31"]
[SourceVersion "1"]
[SourceVersionDate "2019.05.31"]
[SourceQuality "1"]
[WhiteTeam "Monaco"]
[BlackTeam "Luxembourg"]
[WhiteTeamCountry "MNC"]
[BlackTeamCountry "LUX"]

1. d4 Nf6 2. Nc3 c5 3. d5 d6 4. e4 g6 5. h3 Bg7 6. Nf3 0-0 7. Be2 e6 8. 0-0 exd5 9. exd5 b6 10. Bf4 Na6 11. Nd2 Nc7 12. Nc4 Nfe8 13. a4 Ba6 14. Qd2 Bxc4 15. Bxc4 Be5 16. Rae1 Bxf4 17. Qxf4 Nf6 18. Re3 a6 19. Rf3 Kg7 20. Rd1 Rb8 21. Ne4 Nxe4 22. Qxe4 Qd7 23. Bf1 b5 24. axb5 axb5 25. Qf4 Rbe8 26. Qf6+ Kg8 27. Ra3 Ra8 28. Rf3 Rfe8 29. g4 Re7 30. Qf4 Rae8 31. Kg2 Re5 32. Rfd3 Kg7 33. Kh2 Re4 34. Qd2 Qe7 35. Qc3+ Kg8 36. b3 b4 37. Qd2 Nb5 38. Re3 Nd4 39. Rxe4 Qxe4 40. Qd3 Qxd5 41. Bg2 Qe5+ 42. Kg1 Qf4 43. Kf1 Kg7 44. Rd2 Re7 45. Rd1 Re5 46. Rd2 h5 47. gxh5 Rxh5 48. Rd1 Re5 49. Rd2 Nf5 50. c3 Re3 0-1

[Event "EU Small Countries ol 6th"]
[Site "San Marino"]
[Date "2019.03.25"]
[Round "3.4"]
[White "Gengler, Pierre"]
[Black "Ferster, Fabian"]
[Result "1-0"]
[WhiteElo "2154"]
[BlackElo "2133"]
[PlyCount "87"]
[EventDate "2019.03.24"]
[EventType "team-tourn"]
[EventRounds "9"]
[EventCountry "SMR"]
[SourceTitle "CBM 189 Extra"]
[Source "ChessBase"]
[SourceDate "2019.05.31"]
[SourceVersion "1"]
[SourceVersionDate "2019.05.31"]
[SourceQuality "1"]
[WhiteTeam "Luxembourg"]
[BlackTeam "Liechtenstein"]
[WhiteTeamCountry "LUX"]
[BlackTeamCountry "LIE"]

1. g3 e5 2. Bg2 Nf6 3. c4 d5 4. cxd5 Nxd5 5. Bf1 Nf6 6. Bg2 Nd5 7. Nf3 Nc6 8. Nc3 Nb6 9. 0-0 Be7 10. a4 a5 11. Nb5 0-0 12. d3 Be6 13. Bd2 f6 14. Qc2 Rc8 15. Rfc1 Nd5 16. Qd1 Qd7 17. d4 e4 18. Ne1 f5 19. e3 Ncb4 20. Bf1 g5 21. Bc4 f4 22. Nc3 fxe3 23. Bxe3 Nxe3 24. Bxe6+ Qxe6 25. fxe3 Rf7 26. Qe2 Rcf8 27. Qg2 Rf1+ 28. Qxf1 Rxf1+ 29. Kxf1 c5 30. Nb5 Qb3 31. Nc3 cxd4 32. exd4 Qxb2 33. Ne2 Nd3 34. Rc8+ Kf7 35. Rd1 Qb3 36. Nc3 Qe6 37. Nxd3 exd3 38. Rc7 Qf5+ 39. Kg2 Kg6 40. Rxe7 Qf6 41. Re4 Qc6 42. Rxd3 b5 43. axb5 Qb7 44. d5 1-0

[Event "EU-Cup 34th"]
[Site "Porto Carras"]
[Date "2018.10.17"]
[Round "6.4"]
[White "Gengler, Pierre"]
[Black "Seyb, Alexander"]
[Result "1/2-1/2"]
[WhiteElo "2205"]
[BlackElo "2411"]
[PlyCount "74"]
[EventDate "2018.10.12"]
[EventType "team-swiss"]
[EventRounds "7"]
[EventCountry "GRE"]
[SourceTitle "CBM 187"]
[Source "ChessBase"]
[SourceDate "2018.12.11"]
[SourceVersion "1"]
[SourceVersionDate "2018.12.11"]
[SourceQuality "1"]
[WhiteTeam "Wirtzfeld"]
[BlackTeam "Berlin SF"]
[WhiteTeamCountry "BEL"]
[BlackTeamCountry "GER"]

1. e4 c5 2. Nf3 d6 3. d4 cxd4 4. Nxd4 Nf6 5. Nc3 a6 6. h3 e5 7. Nde2 h5 8. Bg5 Be6 9. Bxf6 Qxf6 10. Nd5 Qd8 11. g3 h4 12. g4 g6 13. Nec3 Bh6 14. Bc4 0-0 15. Bb3 Nc6 16. 0-0 Kh7 17. Qd3 f5 18. exf5 gxf5 19. f3 e4 20. fxe4 Ne5 21. Qe2 f4 22. Rf3 Qg5 23. Kh1 Rf7 24. Raf1 Raf8 25. Qh2 Nxf3 26. Rxf3 Bg7 27. Nd1 b5 28. c3 a5 29. a3 Rb7 30. Qc2 Be5 31. Nf2 Bf7 32. Nd3 Bg6 33. Nf2 Kg7 34. Qe2 Bf7 35. Qc2 Bg6 36. Qe2 Bf7 37. Qc2 Bg6 1/2-1/2

[Event "EU-Cup 34th"]
[Site "Porto Carras"]
[Date "2018.10.12"]
[Round "1.4"]
[White "Gengler, Pierre"]
[Black "Rozentalis, Eduardas"]
[Result "1/2-1/2"]
[WhiteElo "2205"]
[BlackElo "2522"]
[PlyCount "54"]
[EventDate "2018.10.12"]
[EventType "team-swiss"]
[EventRounds "7"]
[EventCountry "GRE"]
[SourceTitle "CBM 187"]
[Source "ChessBase"]
[SourceDate "2018.12.11"]
[SourceVersion "1"]
[SourceVersionDate "2018.12.11"]
[SourceQuality "1"]
[WhiteTeam "Wirtzfeld"]
[BlackTeam "KGSRL"]
[WhiteTeamCountry "BEL"]
[BlackTeamCountry "BEL"]

1. g3 d5 2. Bg2 c6 3. d3 Nf6 4. Nd2 g6 5. e4 Bg7 6. Ne2 0-0 7. 0-0 dxe4 8. Nxe4 Nxe4 9. dxe4 Nd7 10. c3 Ne5 11. h3 a5 12. b3 a4 13. Be3 Qa5 14. f4 Rd8 15. Bd4 Nd7 16. Bxg7 Kxg7 17. b4 Qc7 18. Qd4+ e5 19. Qf2 Qb6 20. Rad1 Re8 21. f5 Qxf2+ 22. Rxf2 Nb6 23. g4 Nc4 24. Rf3 Nb2 25. Rd2 Nc4 26. Rd1 Nb2 27. Rd2 Nc4 1/2-1/2

[Event "Olympiad-43"]
[Site "Batumi"]
[Date "2018.10.04"]
[Round "10.4"]
[White "Vivas Zamora, Fabian Ernesto"]
[Black "Gengler, Pierre"]
[Result "1-0"]
[WhiteElo "2363"]
[BlackElo "2205"]
[PlyCount "83"]
[EventDate "2018.09.24"]
[EventType "team-swiss"]
[EventRounds "11"]
[EventCountry "GEO"]
[SourceTitle "CBM 187"]
[Source "ChessBase"]
[SourceDate "2018.12.11"]
[SourceVersion "1"]
[SourceVersionDate "2018.12.11"]
[SourceQuality "1"]
[WhiteTeam "Venezuela"]
[BlackTeam "Luxembourg"]
[WhiteTeamCountry "VEN"]
[BlackTeamCountry "LUX"]

1. e4 c5 2. Nf3 Nc6 3. Bb5 g6 4. Bxc6 dxc6 5. d3 Bg7 6. h3 e5 7. Be3 Qe7 8. Qd2 h6 9. Qc3 b6 10. b4 f5 11. bxc5 b5 12. a4 Nf6 13. axb5 fxe4 14. dxe4 0-0 15. bxc6 Kh7 16. Ra4 Nh5 17. Nbd2 Nf4 18. Bxf4 exf4 19. Qa3 Qc7 20. 0-0 Qxc6 21. Rxa7 Ba6 22. Rxa8 Rxa8 23. Rb1 Bf8 24. Nd4 Qc8 25. N2b3 Bb7 26. Qc1 f3 27. gxf3 Qxh3 28. Qf4 Bg7 29. c6 Bc8 30. Qh2 Qxh2+ 31. Kxh2 Be5+ 32. Kg2 Ra4 33. c3 h5 34. Ne2 g5 35. Nc5 Ra2 36. Nd7 Bc7 37. Nd4 Ra6 38. Rb5 Kg6 39. Rf5 h4 40. Rf6+ Kh5 41. Nf5 g4 42. Ng7+ 1-0

[Event "Olympiad-43"]
[Site "Batumi"]
[Date "2018.09.25"]
[Round "2.4"]
[White "Firouzja, Alireza"]
[Black "Gengler, Pierre"]
[Result "1-0"]
[WhiteElo "2582"]
[BlackElo "2205"]
[PlyCount "63"]
[EventDate "2018.09.24"]
[EventType "team-swiss"]
[EventRounds "11"]
[EventCountry "GEO"]
[SourceTitle "CBM 187"]
[Source "ChessBase"]
[SourceDate "2018.12.11"]
[SourceVersion "1"]
[SourceVersionDate "2018.12.11"]
[SourceQuality "1"]
[WhiteTeam "Iran"]
[BlackTeam "Luxembourg"]
[WhiteTeamCountry "IRI"]
[BlackTeamCountry "LUX"]

1. d4 Nf6 2. c4 g6 3. Nc3 Bg7 4. e4 0-0 5. Nf3 d6 6. Be2 c5 7. 0-0 cxd4 8. Nxd4 a6 9. Be3 b6 10. Bf3 Bb7 11. e5 Bxf3 12. Qxf3 dxe5 13. Ne6 fxe6 14. Qxa8 Qc7 15. b3 e4 16. h3 Nh5 17. Rac1 Nc6 18. Qxa6 Nf4 19. c5 Nxh3+ 20. gxh3 Ne5 21. f4 exf3 22. Qxb6 Qc8 23. Ne4 f2+ 24. Rxf2 Rxf2 25. Bxf2 Nf3+ 26. Kg2 Qf8 27. Qxe6+ Kh8 28. Rf1 Ne5 29. Bd4 Qa8 30. c6 Qxa2+ 31. Rf2 Qb1 32. Qc8+ 1-0

[Event "LUX-chT 2016/17"]
[Site "Luxembourg"]
[Date "2017.03.19"]
[Round "9"]
[White "Berend, Fred"]
[Black "Gengler, Pierre"]
[Result "0-1"]
[WhiteElo "2382"]
[BlackElo "2203"]
[PlyCount "50"]
[EventDate "2016.09.25"]
[EventType "team-tourn"]
[EventRounds "10"]
[EventCountry "LUX"]
[SourceTitle "EXT 2018"]
[Source "ChessBase"]
[SourceDate "2017.10.13"]
[SourceVersion "1"]
[SourceVersionDate "2017.10.13"]
[SourceQuality "1"]

1. d4 g6 2. e4 Bg7 3. Nf3 d6 4. c3 Nd7 5. Bd3 e5 6. 0-0 Ne7 7. Re1 0-0 8. a4 Re8 9. Qb3 h6 10. Nbd2 exd4 11. cxd4 Nc6 12. Nf1 Nxd4 13. Nxd4 Bxd4 14. Qc2 Nc5 15. Ra3 Qf6 16. Bc4 Bf5 17. exf5 Rxe1 18. fxg6 Rxc1 19. gxf7+ Kf8 20. Qd2 Ne4 21. Qe2 Qxf2+ 22. Qxf2 Bxf2+ 23. Kh1 Rxc4 24. g3 Kxf7 25. Kg2 Kg8 0-1

[Event "BEL-chT 1617"]
[Site "Belgium"]
[Date "2017.02.12"]
[Round "7.8"]
[White "Hammes, Michael"]
[Black "Gengler, Pierre"]
[Result "1-0"]
[WhiteElo "2323"]
[BlackElo "2241"]
[PlyCount "49"]
[EventDate "2016.10.02"]
[EventType "team-tourn"]
[EventRounds "11"]
[EventCountry "BEL"]
[SourceTitle "EXT 2018"]
[Source "ChessBase"]
[SourceDate "2017.10.13"]
[SourceVersion "1"]
[SourceVersionDate "2017.10.13"]
[SourceQuality "1"]
[WhiteTeam "Eynatten"]
[BlackTeam "Wirtzfeld"]
[WhiteTeamCountry "BEL"]
[BlackTeamCountry "BEL"]

1. d4 g6 2. c4 Bg7 3. Nf3 c5 4. d5 b5 5. e4 bxc4 6. Bxc4 Ba6 7. Nbd2 Bxc4 8. Nxc4 d6 9. e5 dxe5 10. Nfxe5 Nf6 11. Qa4+ Nbd7 12. d6 exd6 13. Nxd6+ Kf8 14. Nexf7 Qe7+ 15. Be3 Rb8 16. 0-0 Rb4 17. Qxa7 Ne4 18. Nxe4 Rxe4 19. Nxh8 Be5 20. g3 Kg7 21. Rad1 Bd6 22. Rfe1 h5 23. Bd2 h4 24. Rxe4 Qxe4 25. Qxd7+ 1-0

[Event "EU-Cup 32nd"]
[Site "Novi Sad"]
[Date "2016.11.09"]
[Round "4.5"]
[White "Gengler, Pierre"]
[Black "Dolana, Andrei Theodor"]
[Result "0-1"]
[WhiteElo "2243"]
[BlackElo "2297"]
[PlyCount "50"]
[EventDate "2016.11.06"]
[EventType "team-swiss"]
[EventRounds "7"]
[EventCountry "SRB"]
[SourceTitle "CBM 176"]
[Source "ChessBase"]
[SourceDate "2017.01.17"]
[SourceVersion "1"]
[SourceVersionDate "2017.01.17"]
[SourceQuality "1"]
[WhiteTeam "Bieles The Smashing Pawns"]
[BlackTeam "Baia Mare"]
[WhiteTeamCountry "LUX"]
[BlackTeamCountry "ROU"]

1. g3 c5 2. Bg2 Nc6 3. Nf3 g6 4. 0-0 Bg7 5. e4 d6 6. c3 e5 7. Na3 Nf6 8. d4 exd4 9. cxd4 Bg4 10. dxc5 dxc5 11. Qa4 0-0 12. e5 Bxf3 13. Bxf3 Nxe5 14. Bxb7 Rb8 15. Bg2 Qc7 16. Bd2 Nfd7 17. Bc3 c4 18. Rad1 Nc5 19. Qc2 Ncd3 20. h3 Nxb2 21. Rd5 Qe7 22. Nb5 Ned3 23. Bxg7 Kxg7 24. Rb1 Kg8 25. Nd6 Nb4 0-1

[Event "EU-Cup 32nd"]
[Site "Novi Sad"]
[Date "2016.11.07"]
[Round "2.6"]
[White "Gengler, Pierre"]
[Black "Sucikova, Svetlana"]
[Result "0-1"]
[WhiteElo "2243"]
[BlackElo "2076"]
[PlyCount "64"]
[EventDate "2016.11.06"]
[EventType "team-swiss"]
[EventRounds "7"]
[EventCountry "SRB"]
[SourceTitle "CBM 176"]
[Source "ChessBase"]
[SourceDate "2017.01.17"]
[SourceVersion "1"]
[SourceVersionDate "2017.01.17"]
[SourceQuality "1"]
[WhiteTeam "Bieles The Smashing Pawns"]
[BlackTeam "White Rose"]
[WhiteTeamCountry "LUX"]
[BlackTeamCountry "ENG"]

1. g3 e5 2. Bg2 f5 3. d4 e4 4. c4 Nf6 5. Nc3 Be7 6. f3 exf3 7. Nxf3 0-0 8. 0-0 d6 9. Nh4 g6 10. Bh6 Re8 11. Nd5 Ng4 12. Nxe7+ Qxe7 13. Qd2 Nxh6 14. Qxh6 Qe3+ 15. Qxe3 Rxe3 16. g4 Nc6 17. gxf5 gxf5 18. Kf2 f4 19. Rg1 Kh8 20. Bd5 Bd7 21. Ng2 Rh3 22. Nxf4 Rf8 23. e3 Rxh2+ 24. Kg3 Rxb2 25. Rh1 Ne7 26. Rh5 c6 27. Be4 Rg8+ 28. Bg6 Nxg6 29. Rah1 Ne5+ 30. Ng6+ Rxg6+ 31. Kf4 Rf2+ 32. Ke4 Rg4# 0-1

[Event "Luxembourg-chT 1415"]
[Site "Luxembourg"]
[Date "2015.01.11"]
[Round "5"]
[White "Sorensen, Ivan"]
[Black "Gengler, Pierre"]
[Result "0-1"]
[WhiteElo "2168"]
[BlackElo "2189"]
[PlyCount "70"]
[EventDate "2014.10.05"]
[EventType "team-tourn"]
[EventRounds "10"]
[EventCountry "LUX"]
[SourceTitle "EXT 2017"]
[Source "ChessBase"]
[SourceDate "2016.10.25"]
[SourceVersion "1"]
[SourceVersionDate "2016.10.25"]
[SourceQuality "1"]

1. d4 Nf6 2. Nf3 g6 3. c4 Bg7 4. Nc3 0-0 5. Bf4 d6 6. Qd2 Re8 7. h3 Nbd7 8. e4 c5 9. d5 b5 10. cxb5 Qa5 11. Rc1 a6 12. a4 Qb4 13. Bd3 axb5 14. axb5 c4 15. Bc2 Qxb2 16. Rb1 Qa3 17. Nd4 e5 18. dxe6 fxe6 19. b6 Nh5 20. Be3 Bb7 21. Ncb5 Qa2 22. Nc7 Nc5 23. Nxe8 Rxe8 24. 0-0 Nxe4 25. Qc1 Nc3 26. Ra1 Ne2+ 27. Nxe2 Bxa1 28. Qxa1 Qxc2 29. Nc3 Ra8 30. Qe1 e5 31. Nb5 Ng3 32. Nxd6 Nxf1 33. Nxb7 Nxe3 34. Qxe3 Qd1+ 35. Kh2 Qd4 0-1